Statistics for Basketball Acronyms

Click here to take the quiz!

General Stats

  • This quiz has been taken 622 times
  • The average score is 21 of 27

Answer Stats

oqiwjlkfan ikasdjfAcronym% Correct
CCenter
98%
PGPoint Guard
98%
NBANational Basketball Association
96%
PFPower Forward
95%
SGShooting Guard
95%
PPGPoints per Game
94%
SFSmall Forward
93%
RPGRebounds per Game
92%
APGAssists per Game
91%
SPGSteals per Game
89%
BPGBlocks per Game
88%
MINMinutes Played
88%
INJInjured
86%
FG%Field Goal Percentage
85%
DNPDid Not Play
84%
TOPGTurnovers per Game
84%
FT%Free Throw Percentage
83%
FGMField Goals Made
82%
GPGames Played
82%
DREBDefensive Rebounds
76%
OREBOffensive Rebounds
76%
FGAField Goals Attempted
75%
GSGames Started
59%
PFPersonal Fouls
45%
3P%Three Point Field Goal Percentage
44%
AST/TOAssist to Turnover Ratio
35%
PERPlayer Efficiency Rating
29%

Score Distribution

Percentile by Number Answered

Percent of People with Each Score

Your Score History

You have not taken this quiz